000 00869cas a2200253 a 4500
001 ##E135499
008 060626n2006 xxkbr p a eng u
022 1 _a1754-9132 (Print)
022 1 _a1754-9140 (Online)
035 _a(Sirsi) u135499
041 0 _aeng
110 2 _aRoyal Institution of Chartered Surveyors
_bCommercial Property Faculty
_94355
240 0 0 _aRICS Commercial Property Journal
245 0 4 _aThe Journal
_bRICS Commercial Property
260 _aLondon
_bRICS
_c2006-
362 0 _aLondon: 1(1) September 2006-
362 0 _aEdinburgh: 1(1) September 2006-
554 _aSix per year
651 4 _aUnited Kingdom
_y
690 _aPROPERTY-COMMERCIAL PROPERTY
780 0 0 _tCommercial Property Faculty Newsletter
856 4 1 _uhttps://www.rics.org/commercialpropertyjournal
_zView the journal free of charge at www.rics.org
942 _n0
999 _c118868
_d118868